PILLARS OF THE EARTH (Record no. 28718)
[ view plain ]
| 000 -LEADER | |
|---|---|
| fixed length control field | 00304nam a2200121Ia 4500 |
| 008 - FIXED-LENGTH DATA ELEMENTS--GENERAL INFORMATION | |
| fixed length control field | 240624s9999 xx 000 0 und d |
| 041 ## - LANGUAGE CODE | |
| Language code of text/sound track or separate title | eng |
| 082 ## - DEWEY DECIMAL CLASSIFICATION NUMBER | |
| Classification number | 823 FOL |
| 100 ## - MAIN ENTRY--PERSONAL NAME | |
| Personal name | FOLLETT KEN |
| 245 ## - TITLE STATEMENT | |
| Title | PILLARS OF THE EARTH |
| 260 ## - PUBLICATION, DISTRIBUTION, ETC. | |
| Date of publication, distribution, etc. | 2007 |
| Place of publication, distribution, etc. | New Delhi |
| Name of publisher, distributor, etc. | Pan Books |
| 300 ## - PHYSICAL DESCRIPTION | |
| Extent | xiv, : 1087 : p. : cm. ; 17 |
| Withdrawn status | Lost status | Damaged status | Not for loan | Home library | Current library | Shelving location | Date acquired | Total Checkouts | Full call number | Barcode | Date last seen | Price effective from | Koha item type |
|---|---|---|---|---|---|---|---|---|---|---|---|---|---|
| IMTN | IMTN | Rack 40-B | 05/17/2017 | 823 FOL | 28718 | 06/24/2024 | 06/24/2024 | Books |